000 00311nam a22001337a 4500
008 190205b xxu||||| |||| 00| 0 eng d
020 _a0878722696
041 _aeng
080 _a311
100 _a55
101 _aSTA
245 _aApplied Statistics for Public Administration
_cMeier,K.J
942 _2udc
_cBK
999 _c53945
_d53945